00533nam a2200169Ia 4500003000900000008004100009020001800050040001600068080002200084245009900106260004200205300001400247650004100261650001400302650002000316700002700336IN-BaIIA211028s9999 xx 000 0 eng d a90-277-0838-X cIIA Library a082.2:52bIAU-S74 0aRadio astronomy and cosmologycedited by David L. Jauncey  aDordrechtbD. Reidel Publishingc1977 axx, 398p. aAstronomy and Astrophysics Thesaurus aCosmology aRadio Astronomy aJauncey, David L., ed.